00339nam a2200121Ia 4500008004100000040001600041041001200057082001500069100002000084245006800104260003000172300001500202230917s9999||||xx |||||||||||||| ||und|| e50569aMAIN aEnglish a823 A14F:W aFisher, Marlene 4aThe wisdom of the heart: a study of the works of Mulk Raj Anand aNew DelhibSterlingc1980 axi, 207 p.